000 01143nam0a22002891 4500
001 rc\3043347
005 20250805160813.4
035 _a(NLR Aleph) 007183227
090 _a7463050
_c7463050
100 _a20111007d1944 |||y0rusy50 ca
101 0 _arus
102 _aRU
105 _ay g |||||
200 1 _aСправочник тарифов на транспортные работы по Воронежской области
_fВоронеж. обл. план. комиссия
210 _a[Воронеж]
_cВоронеж. обл. кн-во
_d1944
_gтип. УИиП
215 _a119 с.
_d19 см
300 _aНа обороте тит. л. указаны составители: М.Д. Леонов и С.К. Жевахов
702 1 _aЛеонов
_bМ. Д.
_4220
702 1 _aЖевахов
_bС. К.
_4220
710 0 2 _aВоронежская областная плановая комиссия
801 0 _aRU
_bNLR
_gpsbo
801 1 _aRU
_bELAR
_2rusmarc
852 _aNLR
_jЭк60 Г-3/17
942 _cBOOK
945 _aРоссийская национальная библиотека
980 _aNB
980 _aBV